Pervasive Computing : Technology and Architecture of Mobile internet application (Record no. 248247)
[ view plain ]
| 000 -LEADER | |
|---|---|
| fixed length control field | 00268 a2200097 4500 |
| 001 - CONTROL NUMBER | |
| control field | 13174 |
| 090 ## - LOCALLY ASSIGNED LC-TYPE CALL NUMBER (OCLC); LOCAL CALL NUMBER (RLIN) | |
| -- | 10183 |
| -- | 10183 |
| 100 ## - MAIN ENTRY--PERSONAL NAME | |
| Personal name | Burkhardt,J |
| 245 ## - TITLE STATEMENT | |
| Title | Pervasive Computing : Technology and Architecture of Mobile internet application |
| 260 ## - PUBLICATION, DISTRIBUTION, ETC. | |
| Place of publication, distribution, etc. | |
| Name of publisher, distributor, etc. | Pearson eduction |
| Date of publication, distribution, etc. | |
| 942 ## - ADDED ENTRY ELEMENTS (KOHA) | |
| Institution code [OBSOLETE] | NUST-CAE |
| Koha item type | |
| -- | |
| Withdrawn status | Lost status | Damaged status | Not for loan | Collection code | Permanent Location | Current Location | Date acquired | Total Checkouts | Barcode | Date last seen | Price effective from | Koha item type |
|---|---|---|---|---|---|---|---|---|---|---|---|---|
| College of Aeronautical Engineering (CAE) | College of Aeronautical Engineering (CAE) | 04/03/2017 | CAEN-3172 | 04/05/2017 | 04/05/2017 | Book |
